|
|
|
|
| LEADER |
00000nam a22000007a 4500 |
| 005 |
20180314232259.0 |
| 007 |
cr|||| |||| |
| 008 |
180314s2016 br |||||s|||| 00||0 por d |
| 020 |
|
|
|a 978-85-7789-260-0
|
| 035 |
|
|
|a 21067
|
| 040 |
|
|
|a vLex
|
| 090 |
|
|
|c 7479
|d 7479
|
| 100 |
1 |
|
|a Bittencourt, Sidney
|
| 245 |
1 |
0 |
|a Comentr̀ios ̉Lei de crimes contra meio ambiente e suas infraė̳s administrativas
|h [Recurso electrn̤ico] /
|c Sidney Bittencourt
|
| 256 |
|
|
|a Servicio en ln̕ea
|
| 260 |
|
|
|a San Pablo:
|b JH Mizuno,
|c 2016
|
| 300 |
|
|
|a 1 recurso electrn̤ico
|
| 506 |
1 |
|
|a Disponible solo en los productos indicados
|d vLex Global
|d vLex Global (Academic Edition, excluding Law Schools)
|d vLex Global (U.S. Academic Edition, Law Schools)
|d vLex Global (U.S. Academic Edition, excluding Law Schools)
|d vLex Global (Academic Edition, Law Schools)
|
| 650 |
0 |
4 |
|a Derecho Penal
|z Brasil
|
| 650 |
0 |
4 |
|a Derecho del Medio Ambiente
|z Brasil
|
| 740 |
0 |
|
|a vLex Libros (Servicio en ln̕ea)
|
| 856 |
4 |
0 |
|u http://vlex.com/source/comentarios-lei-crimes-contra-meio-ambiente-21067
|z Acceso restringido
|
| 942 |
|
|
|c BOOK
|
| 999 |
0 |
|
|a Criminal Law
|
| 999 |
0 |
|
|a Environmental Law
|